000 00407nam a2200133Ia 4500
008 200626s9999 xx 000 0 und d
020 _a971-000-503-7
100 _aDownie, N.M.
245 _cN.M. Downie, Robert W. Heath.--
_aBasic statistical methods/
250 _a5th ed.
260 _aQuezon City:
_bNational Bookstore, Inc.
_c1983
300 _aviii, 371 pages
500 _aIncludes Appendix, and Index
999 _c363912
_d363912